[Event "GER-ch U12 Girls"]
[Site "Willingen"]
[Date "2020.10.27"]
[Round "1"]
[White "Petrosyan, Ani"]
[Black "Marrufo, Emilia"]
[Result "1-0"]
[WhiteElo "1370"]
[BlackElo "788"]
[PlyCount "115"]
[EventDate "2020.10.26"]
[EventType "swiss"]
[EventRounds "7"]
[EventCountry "GER"]
[SourceTitle "CBM 199 Extra"]
[Source "ChessBase"]
[SourceDate "2021.01.31"]
[SourceVersion "1"]
[SourceVersionDate "2021.01.31"]
[SourceQuality "1"]

1. Nf3 d5 2. e3 Bg4 3. c4 c6 4. Nc3 Nf6 5. cxd5 cxd5 6. Qb3 e6 7. Bb5+ Nc6 8. Ne5 Rc8 9. Qa4 Qd6 10. Nxg4 Nxg4 11. Qxg4 g6 12. b3 Bg7 13. Bb2 0-0 14. h4 h5 15. Qe2 d4 16. Ne4 Qd5 17. Bxc6 Rxc6 18. Qd3 dxe3 19. Qxd5 exd5 20. Bxg7 Kxg7 21. Nc3 exd2+ 22. Kxd2 Rfc8 23. Rac1 d4 24. Nb5 a6 25. Rxc6 Rxc6 26. Nxd4 Rd6 27. Kc3 b5 28. Re1 b4+ 29. Kc4 a5 30. Re5 Ra6 31. Kb5 Rd6 32. Kc4 Ra6 33. Nb5 Rc6+ 34. Rc5 Rxc5+ 35. Kxc5 Kf6 36. Nd4 Ke5 37. g3 f5 38. Nf3+ Ke4 39. Ng5+ Ke5 40. Kb5 f4 41. Kxa5 fxg3 42. fxg3 Kf5 43. Nf3 Kg4 44. Ne5+ Kxg3 45. Nxg6 Kh3 46. Kxb4 Kg4 47. a4 Kf5 48. Ne7+ Kg4 49. Ng8 Kxh4 50. Nf6 Kg5 51. Nxh5 Kxh5 52. a5 Kg4 53. a6 Kf4 54. a7 Ke3 55. a8Q Kd2 56. Qe4 Kd1 57. Kc3 Kc1 58. Qe1# 1-0

[Event "GER-ch U10 Girls"]
[Site "Willingen"]
[Date "2019.06.09"]
[Round "2"]
[White "Marrufo, Emilia"]
[Black "Tran, Hanna Emilie Mai Ho"]
[Result "1-0"]
[WhiteElo "753"]
[BlackElo "1010"]
[PlyCount "71"]
[EventDate "2019.06.08"]
[EventType "swiss"]
[EventRounds "11"]
[EventCountry "GER"]
[SourceTitle "EXT 2020"]
[Source "ChessBase"]
[SourceDate "2019.10.17"]
[SourceVersion "1"]
[SourceVersionDate "2019.10.17"]
[SourceQuality "1"]

1. d4 d5 2. e3 Nc6 3. c3 Bf5 4. Nd2 e6 5. Bb5 Nge7 6. f4 Qd7 7. Ngf3 f6 8. 0-0 0-0-0 9. b4 Qd6 10. Nh4 Ng6 11. Ba4 a6 12. Nxf5 exf5 13. Ba3 Na7 14. Qb3 b5 15. Bxb5 Nxb5 16. Qa4 Nxc3 17. Qb3 Ne4 18. Nxe4 fxe4 19. Rab1 c6 20. g3 Be7 21. Rfc1 Kd7 22. b5 axb5 23. Bxd6 Bxd6 24. Qc3 Rc8 25. Qa5 Ra8 26. Qb6 Rhc8 27. Qb7+ Ke8 28. Qxg7 Rc7 29. Qg8+ Nf8 30. f5 Rxa2 31. Ra1 Ra3 32. g4 Rxe3 33. g5 fxg5 34. Ra8+ Ke7 35. Qxf8+ Kd7 36. Qd8# 1-0